[Event "Bretagne jeunes 2009"]
[Site "?"]
[Date "2009.02.13"]
[Round "6.5"]
[White "Ghafoury, Alexandre"]
[Black "Payet, Quentin"]
[Result "0-1"]
[WhiteElo "1500"]
[BlackElo "2000"]
[PlyCount "74"]
[EventDate "2009.02.13"]
[SourceDate "2009.02.13"]

1. e4 e6 2. d4 d5 3. e5 c5 4. c3 Nc6 5. Nf3 Qb6 6. Bd3 Bd7 7. O-O cxd4 8. cxd4
Nge7 9. Nc3 Ng6 10. Na4 Qc7 11. Bd2 Be7 12. Rc1 O-O 13. b4 a6 14. Nc5 Bxc5 15.
bxc5 f6 16. exf6 gxf6 17. Bh6 Rfd8 18. Nh4 f5 19. Qh5 Be8 20. Qg5 Qf7 21. Be2
Nxd4 22. Bh5 Nc6 23. Rfe1 Rd7 24. Re2 d4 25. Rce1 d3 26. Rd2 Rad8 27. a3 Na5
28. Bxg6 hxg6 29. Nf3 Nc4 30. Rdd1 Rd5 31. h3 d2 32. Re2 Ba4 33. Rdxd2 Nxd2 34.
Rxd2 Rxd2 35. Nxd2 Rd5 36. h4 f4 37. Ne4 Rxg5 0-1